<?xml version="1.0" encoding="UTF-8"?>
<marc:record xmlns:marc="http://www.loc.gov/MARC21/slim">
   <marc:leader>00000nam a2200000 a 4500</marc:leader>
   <marc:datafield ind1="1" ind2=" " tag="100">
      <marc:subfield code="a">Jansson, Anna</marc:subfield>
      <marc:subfield code="4">aut</marc:subfield>
      <marc:subfield code="e">Verfasser/-in</marc:subfield>
   </marc:datafield>
   <marc:datafield ind1=" " ind2=" " tag="653">
      <marc:subfield code="a">Kriminalroman</marc:subfield>
   </marc:datafield>
   <marc:datafield ind1=" " ind2=" " tag="653">
      <marc:subfield code="a">Schweden</marc:subfield>
   </marc:datafield>
   <marc:datafield ind1=" " ind2=" " tag="653">
      <marc:subfield code="a">See</marc:subfield>
   </marc:datafield>
   <marc:datafield ind1=" " ind2=" " tag="653">
      <marc:subfield code="a">Tochter</marc:subfield>
   </marc:datafield>
   <marc:datafield ind1="0" ind2="0" tag="245">
      <marc:subfield code="a">Leichenschilf</marc:subfield>
   </marc:datafield>
   <marc:datafield ind1="0" ind2="0" tag="245">
      <marc:subfield code="b">EinKommissar - Bark -Krimi</marc:subfield>
   </marc:datafield>
   <marc:datafield ind1=" " ind2="1" tag="264">
      <marc:subfield code="b">Blanvalet Taschenbuch Verl.</marc:subfield>
      <marc:subfield code="c">2022</marc:subfield>
   </marc:datafield>
   <marc:datafield ind1="1" ind2=" " tag="490">
      <marc:subfield code="a">Kommissar Bark ermittelt Band 1</marc:subfield>
   </marc:datafield>
   <marc:datafield ind1="1" ind2=" " tag="520">
      <marc:subfield code="a">Jedes Jahr am Karfreitag schreitet der Polizeiermittler Kristoffer Bark am Ufer des Hjälmarensees entlang. Er sucht nach seiner Tochter – vergeblich. Denn vor fünf Jahren verschwand Vera am Abend ihrer Junggesellinnenfeier spurlos, nachdem sie auf den See hinausgerudert war. Ihre Leiche wurde nie gefunden … Als nun eine Tote auftaucht, die Kristoffers Tochter verblüffend ähnlich sieht, lässt ihm die Vorstellung, dass beide Fälle miteinander verknüpft sind, keine Ruhe. Und obwohl ihm bei der Polizei niemand Glauben schenkt, lässt sich der hartnäckige Ermittler nicht abwimmeln. Zu Recht, denn die Wasser des Hjälmaren verbergen mehr als ein einziges Verbrechen, und Kristoffer Bark wird sie aufdecken ...</marc:subfield>
   </marc:datafield>
   <marc:datafield ind1=" " ind2=" " tag="020">
      <marc:subfield code="a">9783734111105</marc:subfield>
      <marc:subfield code="9">9783734111105</marc:subfield>
   </marc:datafield>
</marc:record>
